[Event "3rd Open"]
[Site "La Fere FRA"]
[Date "2004.07.05"]
[Round "4"]
[White "Levin,F"]
[Black "Ciuksyte,D"]
[Result "0-1"]
[WhiteElo "2506"]
[BlackElo "2338"]

1.d4 Nf6 2.c4 e6 3.g3 Bb4+ 4.Nc3 c5 5.Nf3 cxd4 6.Nxd4 Ne4 7.Qd3 Qa5 8.Nb3 Nxc3
9.Bd2 Ne4 10.Qxe4 Bxd2+ 11.Nxd2 Nc6 12.Bg2 O-O 13.Qe3 d5 14.O-O d4 15.Qd3 e5
16.a3 Be6 17.b4 Qc7 18.f4 exf4 19.Rxf4 a5 20.Bxc6 bxc6 21.Rb1 axb4 22.axb4 Ra2
23.c5 Qe5 24.Rxd4 Bf5 25.e4 Ra3 26.Rb3 Ra1+ 27.Rb1 Ra3 28.Rb3 Ra1+ 29.Kg2 Be6
30.Rc3 Qh5 31.h4 f5 32.Rd8 Qd1 33.Rxf8+ Kxf8 34.Nf1 Qxd3 35.Rxd3 Rxf1 36.Rd6 Bc4
37.Rxc6 fxe4  0-1

[Event "GP CG de l'Heralt"]
[Site "Montpellier FRA"]
[Date "2004.07.06"]
[Round "2"]
[White "Pujos,S"]
[Black "Chernuschevich,A"]
[Result "1/2-1/2"]
[WhiteElo "2296"]
[BlackElo "2521"]

1.d4 Nf6 2.c4 e6 3.g3 Bb4+ 4.Bd2 Qe7 5.Bg2 O-O 6.Nf3 Bxd2+ 7.Nbxd2 d6 8.e4 e5
9.O-O c5 10.d5 Ng4 11.Qe2 Na6 12.Ne1 g6 13.f3 Nh6 14.Qe3 Kg7 15.f4 f6 16.Qc3 Nc7
17.Nd3 Bd7 18.b4 cxb4 19.Qxb4 b6 20.Qa3 Nf7 21.Kh1 Kg8 22.Rae1 Kg7 23.Nf3 Rfe8
24.Rf2 Rec8 25.Ref1 Rf8 26.fxe5  1/2-1/2

[Event "Skanska Cup"]
[Site "Olomouc CZE"]
[Date "2004.07.08"]
[Round "6"]
[White "Lagowski,P"]
[Black "Laznicka,V"]
[Result "1/2-1/2"]
[WhiteElo "2415"]
[BlackElo "2434"]

1.d4 Nf6 2.c4 e6 3.g3 Bb4+ 4.Bd2 Qe7 5.Nf3 O-O 6.Bg2 Bxd2+ 7.Qxd2 d6 8.O-O e5
9.Nc3 Re8 10.dxe5 dxe5 11.Rfd1 h6 12.Nd5 Nxd5 13.cxd5 e4 14.Nd4 Qe5 15.Nb5 a6
16.f4 Qf6 17.Nc3 Bf5 18.Rac1 Nd7 19.Qd4 Qxd4+ 20.Rxd4 Nf6 21.a3 h5 22.Nd1 Re7
23.Ne3 g6 24.Rdc4 Rd8 25.Rxc7 Kf8 26.Kf2 Nxd5 27.Nxd5 Rxd5 28.Rxe7 Kxe7 29.Rc7+ Rd7
30.Rxd7+ Bxd7 31.Ke3 b6 32.Kd4 Kd6 33.e3 Be6 34.h3 f5 35.Bf1 b5 36.a4 Bf7
37.h4 Be8 38.Be2 Bd7 39.b3 Be8 40.Bd1 Bf7 41.axb5 axb5 42.Be2 Be8 43.Kc3 Kc5
44.b4+ Kd6  1/2-1/2

[Event "Skanska Cup"]
[Site "Olomouc CZE"]
[Date "2004.07.08"]
[Round "7"]
[White "Bernasek,J"]
[Black "Kunte,A"]
[Result "1/2-1/2"]
[WhiteElo "2395"]
[BlackElo "2532"]

1.d4 Nf6 2.c4 e6 3.g3 Bb4+ 4.Bd2 Be7 5.Nf3 d5 6.Bg2 O-O 7.O-O c6 8.Qc2 Nbd7
9.Rd1 b6 10.b3 a5 11.Bc3 Ba6 12.Nbd2 b5 13.e4 dxe4 14.Ne5 Bb7 15.Nxe4 b4
16.Bd2 Qc8 17.Bg5 Re8 18.Nxd7 Qxd7 19.Nxf6+ gxf6 20.Bf4 Bf8 21.Rd3 f5 22.Be5 Qe7
23.Re1 Rad8 24.Qe2 Rd7 25.g4 f6 26.Bf4 fxg4 27.Qxg4+ Bg7 28.Bh6 Kh8 29.Bxg7+ Qxg7
30.Qh4 f5 31.Qg3 Qxg3 32.fxg3 e5 33.Rdd1 e4 34.Kf2 Rd6 35.Ke3 Bc8 36.a3 Rh6
37.Rh1 Rg6 38.Rhf1 Rh6 39.Rh1 Rg6 40.Rhf1 Rh6  1/2-1/2

[Event "54th ch-RUS w"]
[Site "Kazan RUS"]
[Date "2004.07.10"]
[Round "11"]
[White "Polovnikova,E"]
[Black "Kovalevskaya,E"]
[Result "1/2-1/2"]
[WhiteElo "2406"]
[BlackElo "2467"]

1.d4 Nf6 2.c4 e6 3.g3 Bb4+ 4.Bd2 a5 5.Bg2 O-O 6.Nf3 b6 7.O-O Ba6 8.a3 Be7
9.Ne5 Ra7 10.b3 d6 11.Nc6 Nxc6 12.Bxc6 d5 13.cxd5 exd5 14.Nc3 Qd6  1/2-1/2

[Event "Specsavers YM"]
[Site "Millfield School ENG"]
[Date "2004.07.22"]
[Round "6"]
[White "Martyn,R"]
[Black "Holusova,T"]
[Result "1/2-1/2"]
[WhiteElo "2322"]
[BlackElo "2153"]

1.d4 e6 2.c4 Nf6 3.g3 Bb4+ 4.Bd2 Qe7 5.Bg2 Bxd2+ 6.Qxd2 d6 7.Nf3 O-O 8.O-O Ne4
9.Qc2 f5 10.Nfd2 Nf6 11.Nc3 a5 12.e4 Nc6 13.Nf3 f4 14.e5 dxe5 15.dxe5 Ng4
16.Qe4 Bd7 17.Bh3 Nh6 18.Nd5 exd5 19.Qxd5+ Kh8 20.Qxd7  1/2-1/2

[Event "Open Dutch Champ"]
[Site "Dieren NED"]
[Date "2004.08.02"]
[Round "6"]
[White "Bosboom,M"]
[Black "Ikonnikov,Vy"]
[Result "0-1"]
[WhiteElo "2425"]
[BlackElo "2543"]

1.d4 Nf6 2.c4 e6 3.g3 Bb4+ 4.Bd2 Bxd2+ 5.Qxd2 d5 6.Bg2 O-O 7.Nf3 Nbd7 8.O-O c6
9.Rc1 Qe7 10.Qf4 Ne4 11.Nc3 f5 12.a3 g5 13.Qc7 Qg7 14.b4 Rf7 15.cxd5 exd5
16.b5 Ndc5 17.Qe5 Nb3 18.Rab1 Nxc1 19.Rxc1 Re7 20.Qxg7+ Rxg7 21.Ne5 Nxc3
22.Rxc3 cxb5 23.Bxd5+ Kf8 24.Rc5 Rb8 25.Rxb5 Rc7 26.f4 gxf4 27.gxf4 b6 28.Kf2 Ba6
29.Rb2 Rd8 30.Be6 Bc8 31.Bxc8 Rcxc8 32.e3 Ke7 33.Kf3 Rc3 34.Rb4 Ke6 35.a4 Rd5
36.h4 h5 37.Ke2 Rc2+ 38.Kd3 Ra2 39.Rc4 Ra5 40.Rc6+ Kd5 41.Rc8 Ra3+ 42.Ke2 Ke4
43.Nc4 Ra2+ 44.Nd2+ Kd5 45.Rh8 R5xa4 46.Rxh5 Rb2 47.Rxf5+ Kd6 48.Rf6+ Ke7
49.Rh6 Raa2 50.Kf3 Rxd2 51.f5 b5 52.Kf4 b4 53.Rh7+ Kf6 54.Rh6+ Kg7 55.Rc6 Rdc2
56.Rg6+ Kf7 57.e4 b3 58.e5 Rf2+  0-1

[Event "FSGM August"]
[Site "Budapest HUN"]
[Date "2004.08.16"]
[Round "10"]
[White "Turov,M"]
[Black "Kristjansson,St"]
[Result "0-1"]
[WhiteElo "2536"]
[BlackElo "2410"]

1.d4 Nf6 2.c4 e6 3.g3 Bb4+ 4.Bd2 c5 5.Bg2 O-O 6.Nf3 Bxd2+ 7.Qxd2 Ne4 8.Qd3 Qa5+
9.Nbd2 d5 10.O-O Nxd2 11.Nxd2 cxd4 12.cxd5 exd5 13.Nb3 Qb6 14.Qxd4 Be6 15.Rfd1 Qxd4
16.Nxd4 Nc6 17.Nxc6 bxc6 18.Rac1 Rfc8 19.Rc5 Kf8 20.Rdc1 Bd7 21.e4 dxe4 22.Bxe4 Rab8
23.b3 Rb6 24.Ra5 Rc7 25.Rc4 Bc8 26.Rca4 a6 27.Bd3 c5 28.Bxa6 Bd7 29.Ra3 Rd6
30.Be2 Rd2 31.Kf1 Bc6 32.Ra6 Bb7 33.Ke1 Rcd7 34.Bg4 f5 35.Ra7 Rb2 36.Bxf5 Re7+
37.Kf1 g6 38.Bd3 Rd2 39.Rxb7 Rxb7 40.Ra8+ Kg7 41.Bc4 Re7 42.a4 Re5 43.Ra7+ Kh8
44.a5 Rf5 45.f4 Rxh2 46.a6 Ra2 47.Rb7 Rh5 48.Kg1 Rhh2 49.Bf1 Rhc2 50.a7 Rc3
51.g4 c4 52.Rb8+ Kg7 53.a8=Q Rxa8 54.Rxa8 cxb3 55.Kf2 h5 56.Ra7+ Kf6 57.Ra6+ Kg7
58.gxh5 gxh5 59.Bg2 h4 60.Bd5 Rd3 61.Be4 Rd4 62.Ke3 Rd1 63.Rg6+  0-1

[Event "14th Open"]
[Site "Abu Dhabi UAE"]
[Date "2004.08.22"]
[Round "8"]
[White "Gleizerov,E"]
[Black "Bocharov,D"]
[Result "0-1"]
[WhiteElo "2539"]
[BlackElo "2569"]

1.d4 Nf6 2.c4 e6 3.g3 Bb4+ 4.Bd2 Qe7 5.Nf3 Nc6 6.Nc3 O-O 7.Bg2 d6 8.O-O Bxc3
9.Bxc3 Ne4 10.Be1 f5 11.d5 Nd8 12.dxe6 Nxe6 13.Nd4 N6g5 14.e3 c5 15.Ne2 Be6
16.b3 Bd7 17.Nf4 Bc6 18.Nd5 Qf7 19.f3 Nf6 20.e4 fxe4 21.fxe4 Bxd5 22.exd5 Qg6
23.Bd2 Rae8 24.Bf4 Nh5 25.Bxd6 Rxf1+ 26.Bxf1 Re1 27.Qg4 Nf6 28.Qc8+ Re8 29.Qc7 Qc2
30.g4 Qc3  0-1

[Event "TCh-SCG Men"]
[Site "Budva SCG"]
[Date "2004.09.08"]
[Round "1"]
[White "Tosic,M"]
[Black "Jeremic,V"]
[Result "1/2-1/2"]
[WhiteElo "2481"]
[BlackElo "2503"]

1.d4 Nf6 2.c4 e6 3.g3 Bb4+ 4.Bd2 Qe7 5.Bg2 Nc6 6.e3 Bxd2+ 7.Nxd2 e5 8.d5 Nb4
9.a3 Nd3+ 10.Ke2 Nc5 11.b4 Na6 12.e4 c5 13.b5 Nc7 14.a4 d6 15.f3 Nh5 16.Bh3 O-O
17.Bxc8 Raxc8 18.Nh3 f5 19.Qb3 Ne8 20.Raf1 g6  1/2-1/2

[Event "TCh-SCG Men"]
[Site "Budva SCG"]
[Date "2004.09.15"]
[Round "7"]
[White "Blagojevic,D"]
[Black "Lajthajm,B"]
[Result "1-0"]
[WhiteElo "2536"]
[BlackElo "2460"]

1.d4 Nf6 2.c4 e6 3.g3 Bb4+ 4.Bd2 Be7 5.Bg2 d5 6.Nf3 O-O 7.O-O c6 8.Qc2 b6
9.Bf4 Bb7 10.Rd1 Na6 11.Ne5 Qc8 12.Nc3 c5 13.dxc5 bxc5 14.Qb3 Nc7 15.Qa4 Re8
16.Nc6 Qd7 17.Na5 Qc8 18.Nxb7 Qxb7 19.Bxc7 Qxc7 20.cxd5 exd5 21.Bxd5 Rab8
22.Qc2 c4 23.Bf3 Qe5 24.Rab1 Rec8 25.Rd2 Bb4 26.Rbd1 g6 27.Kg2 Kg7 28.Rd4 Rc7
29.e3 Qa5 30.Be2 Bxc3 31.bxc3 Qb5 32.Kg1 a5 33.Bf1 a4 34.Qe2 Rbc8 35.e4 a3
36.e5 Ng8 37.e6 fxe6 38.Qxe6 Nf6 39.Bxc4 Qb2 40.Rd7+ Rxd7 41.Rxd7+ Kh6 42.Qxf6 Rxc4
43.Qg7+ Kg5 44.Qe5+ Kh6 45.Qe3+ Kh5 46.Rxh7+  1-0

[Event "TCh-BEL 2004-5"]
[Site "Belgium BEL"]
[Date "2004.09.19"]
[Round "1"]
[White "Van Heirzeele,D"]
[Black "Klyuner,V"]
[Result "1/2-1/2"]
[WhiteElo "2230"]
[BlackElo "2395"]

1.d4 Nf6 2.c4 e6 3.g3 Bb4+ 4.Bd2 Qe7 5.Bg2 Bxd2+ 6.Qxd2 O-O 7.Nc3 d6 8.Nf3 c6
9.O-O e5 10.e4 Bg4 11.Nh4 Re8 12.h3 Bc8 13.Rad1 Na6 14.a3 Nc7 15.b4 a5 16.d5 axb4
17.axb4 cxd5 18.cxd5 Bd7 19.Ra1 Na6 20.Rfb1 Rec8 21.Na4 Qd8 22.Nf5 Bxf5 23.exf5 Rc4
24.b5 Rd4 25.Qe1 Nc7 26.Nb6 Rb8 27.Ra4 Rxa4 28.Nxa4 Ncxd5 29.Rd1 Nb6 30.Nc5 Qc7
31.Nxb7 Nc4 32.Qb4  1/2-1/2

[Event "Open"]
[Site "Winterthur SUI"]
[Date "2004.10.04"]
[Round "4"]
[White "Carron,J"]
[Black "Gantner,M"]
[Result "1/2-1/2"]
[WhiteElo "2245"]
[BlackElo "2051"]

1.d4 Nf6 2.c4 e6 3.g3 Bb4+ 4.Bd2 Qe7 5.Nf3 b6 6.Nc3 Bb7 7.Bg2 O-O 8.O-O d5
9.cxd5 Bxc3 10.Bxc3 Nxd5 11.Rc1 Na6 12.Qd3 Nxc3 13.bxc3 Rad8 14.Ne5 c5 15.Nc6 Bxc6
16.Bxc6 Nb8 17.Be4 g6 18.f4 Nd7 19.Bg2 Rfe8 20.Qc4 Nf6 21.e4 Ng4 22.Qe2 f5
23.h3  1/2-1/2

[Event "19th Open"]
[Site "Le Touquet FRA"]
[Date "2004.10.26"]
[Round "2"]
[White "Cioara,A"]
[Black "Pietrasanta,J"]
[Result "1-0"]
[WhiteElo "2387"]
[BlackElo "2242"]

1.d4 Nf6 2.c4 e6 3.g3 Bb4+ 4.Bd2 Bxd2+ 5.Nxd2 d6 6.Bg2 Nbd7 7.e4 O-O 8.Ne2 e5
9.O-O c6 10.Qc2 Re8 11.dxe5 Nxe5 12.h3 a5 13.Rad1 Ned7 14.Nc3 Qb6 15.Rfe1 Qc5
16.b3 Nb6 17.Nf1 a4 18.Ne3 axb3 19.axb3 Be6 20.Qd3 Ra3 21.Rb1 Rea8 22.Red1 Qa5
23.Qxd6 h6 24.Qd4 Nfd7 25.Nc2 c5 26.Qd2 Na4 27.bxa4 Qxc3 28.Nxa3 Qxa3 29.Qd6 Ra6
30.Qc7 Qa2 31.Rxb7 Nf6 32.e5 Nh5 33.Qd8+ Kh7 34.Be4+ g6 35.Rb8  1-0

[Event "TCh-BEL 2004-5"]
[Site "Belgium BEL"]
[Date "2004.11.07"]
[Round "3"]
[White "Motwani,P"]
[Black "Chuchelov,V"]
[Result "1/2-1/2"]
[WhiteElo "2544"]
[BlackElo "2571"]

1.d4 Nf6 2.c4 e6 3.g3 Bb4+ 4.Bd2 Be7 5.Bg2 d5 6.Nf3 O-O 7.O-O c6 8.Bf4 b6
9.Nc3 Nbd7 10.e4 Ba6 11.Ne5 Rc8 12.Qa4 Bxc4 13.Nxc6 Rxc6 14.Qxc6 Bxf1 15.Rxf1 Nxe4
16.Nxe4 dxe4 17.Qxe4 Nf6  1/2-1/2

[Event "TCh-SWE Elitserien 2004-5"]
[Site "Skara SWE"]
[Date "2004.11.07"]
[Round "3"]
[White "Olsson,L"]
[Black "Astrom,G"]
[Result "1-0"]
[WhiteElo "2289"]
[BlackElo "2308"]

1.d4 Nf6 2.c4 e6 3.g3 Bb4+ 4.Nd2 d5 5.Bg2 O-O 6.Qc2 Nbd7 7.Nf3 c6 8.O-O b6
9.b3 Bb7 10.Bb2 Rc8 11.e4 dxe4 12.Nxe4 Nxe4 13.Qxe4 Nf6 14.Qc2 Be7 15.Rad1 Qc7
16.Rfe1 Rfd8 17.h4 h6 18.c5 Bf8 19.Bh3 Re8 20.Ne5 Rcd8 21.b4 Nd5 22.a3 bxc5
23.dxc5 a5 24.Rd4 axb4 25.axb4 f6 26.Ng6 e5 27.Rde4 Bc8 28.Bxc8 Qxc8 29.h5 Qd7
30.Bc1 Nc7 31.Qe2 Ne6 32.Be3 Qd5 33.Qg4 Ng5 34.Bxg5 hxg5 35.f4 gxf4 36.gxf4 Ra8
37.fxe5 fxe5 38.h6 Ra7 39.Rf1 Kh7  1-0

[Event "TCh-BEL 2004-5"]
[Site "Belgium BEL"]
[Date "2004.11.21"]
[Round "4"]
[White "Akesson,R"]
[Black "Bagheri,A"]
[Result "0-1"]
[WhiteElo "2472"]
[BlackElo "2496"]

1.d4 Nf6 2.c4 e6 3.g3 Bb4+ 4.Bd2 c5 5.Bg2 O-O 6.Nf3 Bxd2+ 7.Qxd2 Ne4 8.Qd3 d5
9.cxd5 exd5 10.dxc5 Nxc5 11.Qc2 Nba6 12.O-O Qf6 13.Nc3 Rd8 14.Rfd1 Nb4 15.Qd2 Bg4
16.Qd4 Bxf3 17.Qxf6 gxf6 18.Bxf3 d4 19.Ne4 Nxe4 20.Bxe4 Rd7 21.Rd2 Re8 22.f3 Re5
23.a3 Nc6 24.Bxc6 bxc6 25.Rc1 c5 26.Kf2 Rb7 27.Rc4 Rb3 28.Rdc2 d3 29.exd3 Rxd3
30.R4c3 Rd1 31.f4 Red5 32.Kf3 Rb1 33.Ke4 Rd4+ 34.Kf5 Rd5+ 35.Kxf6 Re1 36.f5 h6  0-1

[Event "3rd Cup Russia Wom Final"]
[Site "Voronezh RUS"]
[Date "2004.11.24"]
[Round "11"]
[White "Shumiakina,T"]
[Black "Guseva,O"]
[Result "1/2-1/2"]
[WhiteElo "2324"]
[BlackElo "2232"]

1.d4 Nf6 2.c4 e6 3.g3 Bb4+ 4.Bd2 c5 5.Bxb4 cxb4 6.Bg2 O-O 7.Nf3 d6 8.O-O a5
9.Nbd2 Nc6 10.Qc2 Qc7 11.Rac1 Re8 12.e4 b6 13.e5 dxe5 14.dxe5 Nd7 15.Ng5 Nf8
16.c5 Bb7 17.cxb6 Qxb6 18.Nc4 Qa7 19.Bxc6 Bxc6 20.Nd6 Bd5 21.Nxe8 Rxe8 22.Qc7 Re7
23.Qxa7 Rxa7 24.a3 h6 25.Nh3 Nd7 26.Rfe1 g5 27.f4 Nb6 28.fxg5 hxg5 29.Nxg5 Nc4
30.axb4 axb4 31.Ne4 Nxb2 32.Nf6+ Kg7 33.Nxd5 exd5 34.Rb1 Nd3 35.Re3 Ra3 36.Kf1 d4
37.Re4 Ra2 38.Rxd4 Nxe5 39.h4 Nf3 40.Rg4+ Kh7 41.Rbxb4 Nh2+ 42.Ke1 Nxg4 43.Rxg4 Kh6
44.Kf1 f6 45.Rf4 Kg6 46.Rf2 Ra1+ 47.Kg2 Ra3 48.Rb2 Ra5 49.Rb4 Rc5 50.Kf3 Ra5
51.g4 Rc5 52.Kf4 Ra5 53.h5+ Kg7 54.Rb7+ Kg8 55.h6 Rg5 56.Rd7 Rg6 57.h7+ Kh8
58.Rf7 f5 59.Rf8+ Kxh7 60.gxf5 Rg8 61.Rf6 Rg1 62.Ra6 Kg7 63.Re6 Kf7 64.Ra6 Rf1+
65.Ke5 Re1+ 66.Kf4  1/2-1/2

[Event "17th Belgrade Trophy"]
[Site "Obrenovac SCG"]
[Date "2004.11.27"]
[Round "6"]
[White "Tosic,M"]
[Black "Vukanovic,S"]
[Result "1/2-1/2"]
[WhiteElo "2489"]
[BlackElo "2343"]

1.d4 Nf6 2.c4 e6 3.g3 Bb4+ 4.Bd2 c5 5.Bxb4 cxb4 6.Bg2 O-O 7.c5 d5 8.a3 Nc6
9.axb4 Nxb4 10.Qd2 a5 11.Nc3 Bd7 12.Nf3 b6 13.cxb6 Qxb6 14.O-O Rfc8 15.Ne5 Be8
16.e3 Qb7 17.Rfc1 h6 18.h3 Nd7 19.e4 Nxe5 20.dxe5 d4 21.Qxd4 Rd8 22.Qe3 Nd3
23.Rc2 Nxe5 24.Qe2 Qb6 25.Kh2 Rd4  1/2-1/2

[Event "National Chess Congress"]
[Site "Philadephia USA"]
[Date "2004.11.27"]
[Round "3"]
[White "Shapiro,D"]
[Black "Sena,J"]
[Result "0-1"]
[WhiteElo "2264"]
[BlackElo "2200"]

1.d4 Nf6 2.c4 e6 3.g3 Bb4+ 4.Bd2 a5 5.Bg2 d5 6.Qc2 Nc6 7.Nf3 dxc4 8.Qxc4 Qd5
9.Qd3 O-O 10.Nc3 Qh5 11.a3 Bxc3 12.Bxc3 Rd8 13.Qc2 Nd5 14.O-O f5 15.b4 Bd7
16.Rfe1 axb4 17.axb4 b5 18.Rxa8 Rxa8 19.Ne5 Nxe5 20.dxe5 Bc6 21.Bd2 Qe8 22.e4 fxe4
23.Bxe4 g6 24.h4 Ne7 25.Bg5 Bxe4 26.Qxe4 Nd5 27.Rd1 Nc3 28.Qf3 Nxd1 29.Qxd1 Qc6
30.Bf6 Qd5 31.Qc1 Ra2 32.Bg5 Qxe5 33.Kg2 Qe4+ 34.Kg1 Qd4  0-1

[Event "National Chess Congress"]
[Site "Philadephia USA"]
[Date "2004.11.28"]
[Round "5"]
[White "Shapiro,D"]
[Black "Coleman,T"]
[Result "1/2-1/2"]
[WhiteElo "2264"]
[BlackElo "2251"]

1.d4 Nf6 2.c4 e6 3.g3 Bb4+ 4.Bd2 a5 5.Bg2 O-O 6.Qc2 c5 7.dxc5 Bxc5 8.Nf3 Nc6
9.O-O Qe7 10.Nc3 d5 11.cxd5 exd5 12.Bg5 Rd8 13.Rad1 Be6 14.Bxf6 Qxf6 15.Nxd5 Rxd5
16.Rxd5 Bxf2+ 17.Rxf2 Bxd5 18.a3 Rd8 19.e4 Be6 20.Rd2 h6 21.Rxd8+ Qxd8 22.h3 Nd4
23.Nxd4 Qxd4+ 24.Qf2 Qd1+ 25.Kh2 Qb3 26.Qd2 a4 27.Qd8+ Kh7 28.Qd4 Qc2 29.Qb4 Qe2
30.Kg1 b5 31.Qd4 Bc4 32.Qc3 Bd3 33.Qe5 Qe1+ 34.Kh2 Qf2 35.g4 g6 36.Kh1 Be2
37.Qc7 Bf1 38.Bxf1 Qxf1+ 39.Kh2 Qf2+ 40.Kh1 Qxb2 41.Qxf7+ Qg7 42.Qa2 Qe7
43.Kg1 Qc5+ 44.Kf1 Kg7 45.Qb2+ Kf7 46.Ke2 Qc4+ 47.Kd2 Ke6  1/2-1/2

[Event "17th Belgrade Trophy"]
[Site "Obrenovac SCG"]
[Date "2004.11.29"]
[Round "8"]
[White "Mateuta,G"]
[Black "Vukanovic,S"]
[Result "1-0"]
[WhiteElo "2472"]
[BlackElo "2343"]

1.d4 Nf6 2.c4 e6 3.g3 Bb4+ 4.Bd2 c5 5.Bxb4 cxb4 6.Bg2 a5 7.e4 d6 8.a3 Na6
9.Ne2 O-O 10.O-O e5 11.axb4 axb4 12.Nd2 Bd7 13.Nb3 b5 14.c5 dxc5 15.dxe5 Ng4
16.Qd6 Be6 17.Na5 Qg5 18.Nc6 Rfe8 19.h4 Qh6 20.Bf3 g5 21.Bxg4 gxh4 22.Bf5 Kh8
23.g4 Rg8 24.Kh2  1-0

[Event "TCh-SLO"]
[Site "Celje SLO"]
[Date "2004.12.04"]
[Round "8"]
[White "Mihalcisin,A"]
[Black "Gostisa,L"]
[Result "1/2-1/2"]
[WhiteElo "2512"]
[BlackElo "2422"]

1.d4 Nf6 2.c4 e6 3.g3 Bb4+ 4.Bd2 c5 5.Bxb4 cxb4 6.Bg2 O-O 7.e4 d6 8.Ne2 e5
9.O-O Re8 10.Nd2 Bg4 11.f3 Bd7 12.a3 bxa3 13.Rxa3 Nc6 14.Nb3  1/2-1/2

[Event "Master Open"]
[Site "Singapore SIN"]
[Date "2004.12.13"]
[Round "4"]
[White "Gokhale,A"]
[Black "Panggabean,H"]
[Result "1-0"]
[WhiteElo "2188"]
[BlackElo "2222"]

1.d4 e6 2.c4 Nf6 3.g3 Bb4+ 4.Nd2 Nc6 5.Nf3 O-O 6.Bg2 d6 7.O-O e5 8.d5 Nb8
9.Nb3 Nbd7 10.a3 Bc5 11.Nxc5 Nxc5 12.b4 Ncd7 13.Qc2 b6 14.e4 Qe7 15.h3 a5
16.Be3 Bb7 17.Rab1 axb4 18.axb4 Ra3 19.Ra1 Rfa8 20.Rxa3 Rxa3 21.Qb2 Ra7 22.Nd2 Qf8
23.Ra1 Qa8 24.Rxa7 Qxa7 25.c5 bxc5 26.bxc5 dxc5 27.Nc4 Ba6 28.Nxe5 Qb6 29.Qa1 Nxe5
30.Qxe5 Bd3 31.Kh2 Qd6 32.Qf5 Qd7 33.Qf4 c4 34.Bd4 Ne8 35.e5 h6 36.Bc3 Qe7
37.Qd4 f6 38.e6 Nd6 39.Qa7 Kh7 40.Qb8 Ne4 41.Bb4 Nd6 42.Bf3 f5 43.Bh5 f4
44.Bf7 h5 45.Qg8+ Kh6 46.Bd2 g5 47.gxf4 c3 48.fxg5+  1-0

[Event "Czech Christmas"]
[Site "Litomysl CZE"]
[Date "2004.12.27"]
[Round "3"]
[White "Bernasek,J"]
[Black "Stocek,J"]
[Result "1/2-1/2"]
[WhiteElo "2384"]
[BlackElo "2569"]

1.d4 Nf6 2.c4 e6 3.g3 Bb4+ 4.Bd2 a5 5.Bg2 d6 6.Nf3 Nbd7 7.Nc3 e5 8.a3 Bxc3
9.Bxc3 Ne4 10.Qc2 Nxc3 11.Qxc3 Qe7 12.O-O a4 13.Rac1 exd4 14.Nxd4 O-O 15.e4 Re8
16.f4 Nc5 17.Rce1 Bd7 18.Re3 c6 19.Rfe1 g6 20.Qd2 Rad8 21.f5 Bc8 22.g4 Qg5
23.Qf2 gxf5 24.exf5 Kf8 25.Ne6+ Bxe6 26.fxe6 Re7 27.Qf5 Qg6 28.Qxg6 hxg6
29.exf7 Rxe3 30.Rxe3 Kxf7 31.Kf2 Ra8 32.Be4 Ra6 33.Bb1 Rb6 34.Re2 g5 35.Kg2 Kf6
36.Rf2+ Kg7 37.h4 gxh4 38.Kh3 Rb3+ 39.Kxh4 b5 40.cxb5 Rxb5 41.Bf5 d5 42.Re2 d4
43.Kg5 Rb7 44.Rh2 Kg8 45.Kf6 d3 46.Rd2 Rf7+ 47.Ke5 Re7+ 48.Kd6 Re2 49.Rd1 Nb3
50.Rxd3 Rxb2 51.Kxc6 Rg2 52.Kb5 Kf7 53.Rd6 Rb2 54.Kc4 Na5+ 55.Kd4 Rd2+ 56.Bd3 Rg2
57.Rd7+ Kf6 58.Bf5 Rg3 59.Ke4 Rc3 60.Kf4 Rc4+ 61.Be4 Nb3 62.Rd6+ Ke7 63.Rd5 Nc5
64.Re5+ Kf8 65.Kf5 Rc3 66.Ba8 Nd7 67.Rb5 Rxa3 68.Ke6 Rb3 69.Rf5+ Ke8 70.Bc6 Re3+
71.Kd6 Rd3+ 72.Kc7 Ke7 73.Bxa4 Rc3+ 74.Bc6 Nb8 75.Kxb8 Rxc6 76.g5 Rc1 77.g6 Rg1
78.Rf7+ Ke6 79.Rb7 Rxg6 80.Rb6+ Kf5 81.Rxg6 Kxg6  1/2-1/2

[Event "Russian Blitz Internet Cup Superfinal"]
[Site "chessassistantclub.com INT"]
[Date "2004.12.28"]
[Round "7"]
[White "Ovetchkin,R"]
[Black "Adams,Mi"]
[Result "1/2-1/2"]
[WhiteElo "2473"]
[BlackElo "2740"]

1.d4 Nf6 2.c4 e6 3.g3 Bb4+ 4.Bd2 Qe7 5.Bg2 O-O 6.Nf3 Nc6 7.Nc3 Bxc3 8.Bxc3 Ne4
9.Rc1 d6 10.O-O Nxc3 11.Rxc3 e5 12.d5 Nb8 13.Nd2 a5 14.f4 exf4 15.gxf4 f5
16.e4 fxe4 17.Nxe4 Bf5 18.Ng5 Na6 19.Re1 Qf6 20.Qd2 Rfe8 21.Ne6 Re7 22.Rce3 Rae8
23.b3 b6 24.Be4 Bxe4 25.Rxe4 Nc5 26.Nxc5 dxc5 27.Rxe7 Rxe7 28.Rxe7 Qxe7 29.Kg2 Qe4+
30.Kg3 h6 31.h4 Kh7 32.h5 Kh8 33.d6 cxd6 34.Qxd6 Qe1+ 35.Kg4 Qe2+ 36.Kh4 Qh2+
37.Kg4 Qg2+ 38.Kh4 Qxa2 39.Qf8+ Kh7 40.Qf5+ Kh8 41.Qf8+ Kh7 42.Qf5+ Kh8 43.Qf8+  1/2-1/2

[Event "112th ch-NZL"]
[Site "Wanganui NZL"]
[Date "2005.01.07"]
[Round "8"]
[White "Croad,N"]
[Black "Stuart,P"]
[Result "1/2-1/2"]
[WhiteElo "2243"]
[BlackElo "2154"]

1.d4 Nf6 2.c4 e6 3.g3 Bb4+ 4.Bd2 Bxd2+ 5.Nxd2 d6 6.Ngf3 Nbd7 7.Bg2 O-O 8.O-O c6
9.Rc1 a5 10.Nb1 Qe7 11.Nc3 e5 12.e3 g6 13.b3 Nh5 14.Qc2 f5 15.e4 f4 16.c5 exd4
17.cxd6 Qxd6 18.Qd3 Ne5 19.Nxe5 Qxe5 20.Ne2 Rd8 21.Rfd1 Be6 22.Nxd4 c5 23.Nf3 Rxd3
24.Nxe5 Rxd1+ 25.Rxd1 fxg3 26.hxg3 a4 27.Nc4 axb3 28.axb3 b5 29.Nb6 Bxb3
30.Rc1 Ra6 31.Nd7 c4 32.e5 Kf7 33.Nc5 Ra3 34.Bc6 b4 35.Nxb3 cxb3 36.Bd5+ Ke7
37.Rb1 Ra5 38.Bxb3 Rxe5 39.Bc4 Rc5  1/2-1/2

[Event "Extraliga CZE 2004-5"]
[Site "Czech Rep CZE"]
[Date "2005.01.15"]
[Round "5"]
[White "Cifka,S"]
[Black "Vltavsky,V"]
[Result "1-0"]
[WhiteElo "2292"]
[BlackElo "2266"]

1.d4 Nf6 2.c4 e6 3.g3 Bb4+ 4.Bd2 Qe7 5.Nf3 Bxd2+ 6.Nbxd2 d6 7.e4 e5 8.Bg2 O-O
9.O-O c5 10.d5 g6 11.Ne1 Nh5 12.Nd3 Ng7 13.f4 f6 14.Qe2 Bd7 15.b4 b6 16.a3 Na6
17.Rab1 Rab8 18.Qe3 Rbc8 19.Rfc1 Ne8 20.Nf3 Qg7 21.Rb2 Rc7 22.Ra1 Bc8 23.b5 Nb8
24.a4 Qh6 25.Qe1 Re7 26.a5 Nd7 27.Rba2 Rff7 28.f5 bxa5 29.g4 Nb6 30.Qd2 Qxd2
31.Nxd2 a4 32.Nb2 Nc7 33.Nxa4 Nxa4 34.Rxa4 Na8 35.R4a3 Nb6 36.Kf2 Rb7 37.Bf1 Rfc7
38.Nb3 Bd7 39.h4 Nc8 40.Ke3 Kg7 41.Bh3 g5 42.hxg5 fxg5 43.Bf1 Be8 44.Be2 Rf7
45.Kd3 Rbc7 46.Kc3 Rf6 47.Bd1 Rff7 48.Na5 Kf6 49.R1a2 Kg7 50.Rh2 Rf6 51.Ba4 Nb6
52.Nc6 Bxc6 53.bxc6 Rh6 54.Rxh6 Kxh6 55.Bb5 Kg7 56.Ba6 h5 57.gxh5 g4 58.Bb7 Kh6
59.Rxa7 g3 60.Ra1 Kxh5 61.Rb1 Na4+ 62.Kb3 Nb6 63.Kc3 Na4+ 64.Kd3 Kg4 65.Ke3 g2
66.Kf2 Nc3 67.Ra1 Kh3 68.Ra8 Nxe4+ 69.Kg1 Rg7 70.f6 Nxf6 71.Ra3+ Kg4 72.Kxg2 Kf4+
73.Kf1 e4 74.Bc8 Rc7 75.Be6 Ke5 76.Rb3 Ra7 77.Rb7 Ra1+ 78.Kg2 e3 79.Kf3 Kd4
80.c7 Rf1+ 81.Ke2 Rf2+ 82.Ke1  1-0

[Event "It"]
[Site "Montreal CAN"]
[Date "2005.01.16"]
[Round "2"]
[White "Mikhalevski,V"]
[Black "Antonio,R"]
[Result "1/2-1/2"]
[WhiteElo "2553"]
[BlackElo "2539"]

1.d4 Nf6 2.c4 e6 3.g3 Bb4+ 4.Nd2 c5 5.Nf3 cxd4 6.Nxd4 Qb6 7.e3 Nc6 8.Nc2 Bxd2+
9.Qxd2 Ne5 10.Nd4 Ne4 11.Qc2 Qb4+ 12.Bd2 Nxd2 13.Qxd2 Qxd2+ 14.Kxd2 b6 15.Be2 Bb7  1/2-1/2

[Event "ch-FRA Top 16 GpB"]
[Site "Vandoeuvre FRA"]
[Date "2005.02.04"]
[Round "1"]
[White "Payen,A"]
[Black "Chabanon,JL"]
[Result "1/2-1/2"]
[WhiteElo "2384"]
[BlackElo "2431"]

1.d4 Nf6 2.c4 e6 3.g3 Bb4+ 4.Bd2 a5 5.Bg2 O-O 6.Nf3 d6 7.O-O Bxd2 8.Qxd2 Nbd7
9.Nc3 Re8 10.e4 e5 11.d5 Nc5 12.Qc2 Bd7 13.Ne1 c6 14.Nd3 Nxd3 15.Qxd3 cxd5
16.Nxd5 Nxd5 17.Qxd5 Be6 18.Qd3 Qb6 19.a4 Qxb2 20.Rfb1 Qd4 21.Qxd4 exd4 22.Rd1 Rac8
23.Rxd4 Rxc4 24.Rxc4 Bxc4 25.Rb1 Re7 26.f3 g6 27.Bf1 d5 28.Bxc4 dxc4 29.Rc1 Rd7
30.Rxc4 Rd1+ 31.Kg2 Rd2+ 32.Kh3 Rb2 33.e5 Kf8 34.Rc7 h6 35.f4 Rb4 36.Kg4 Rb3
37.Rc5 b6 38.Rc7 Rb2 39.h3 Rb3 40.Rb7 Rb4 41.Kh4 Rb3  1/2-1/2

[Event "FSIMA February"]
[Site "Budapest HUN"]
[Date "2005.02.15"]
[Round "11"]
[White "Ignacz,M"]
[Black "Jakab,A"]
[Result "0-1"]
[WhiteElo "2187"]
[BlackElo "2439"]

1.d4 e6 2.c4 Nf6 3.g3 Bb4+ 4.Bd2 Qe7 5.Bg2 O-O 6.Nf3 Bxd2+ 7.Nbxd2 d6 8.O-O e5
9.dxe5 dxe5 10.e3 Bg4 11.Qb3 c6 12.Rac1 Re8 13.Ng5 Na6 14.Nge4 Nxe4 15.Nxe4 Be6
16.Qc3 f5 17.Nd2 Rad8 18.Nf3 e4 19.Nd4 Qb4 20.Qxb4 Nxb4 21.a3 Nd3 22.Rc2 Ne5
23.b3 c5 24.Nb5 Rd3 25.Rb1 Red8 26.Nc3 Rd2 27.Rxd2 Rxd2 28.Rd1 Rc2 29.Nb5 b6
30.h3 Kf7 31.Nxa7 Rb2 32.Nb5 Rxb3 33.g4 fxg4 34.Bxe4 gxh3 35.f4 Ng4 36.f5 h2+
37.Kg2 Nxe3+ 38.Kxh2 Rb2+ 39.Kg3 Nxd1 40.fxe6+ Kxe6 41.Bxh7 Nc3 42.Nxc3 Rb3  0-1

[Event "XI Anibal Open"]
[Site "Linares ESP"]
[Date "2005.03.01"]
[Round "5"]
[White "Guerra Bastida,D"]
[Black "Szymanski,M"]
[Result "1/2-1/2"]
[WhiteElo "2390"]
[BlackElo "2422"]

1.d4 Nf6 2.c4 e6 3.g3 Bb4+ 4.Nd2 O-O 5.Bg2 d5 6.Nf3 b6 7.O-O Bb7 8.Ne5 Nbd7
9.Qa4 Bxd2 10.Bxd2 Nxe5 11.dxe5 Ne4 12.Bxe4 dxe4 13.Be3 Qe8 14.Qxe8 Rfxe8
15.Rfd1 Rac8 16.b4 Kf8 17.b5 Red8 18.a4 Rxd1+ 19.Rxd1 a6 20.h4 Ke7 21.h5 h6
22.g4 axb5 23.axb5 Rd8 24.Rxd8 Kxd8 25.g5 hxg5 26.Bxg5+ Ke8 27.Kf1 c6 28.bxc6 Bxc6
29.Ke1 Ba4 30.Kd2 Bb3 31.Kc3 Bd1 32.Kd2 Bb3 33.Kc3  1/2-1/2